Аналитическая химия: лабораторный практикум; учебное пособие для вузов

Библиографические подробности
Главный автор: Васильев В. П. Владимир Павлович
Другие авторы: Морозова Р. П. Регина Павловна, Кочергина Л. А. Людмила Александровна
Примечания:Практикум состоит из трех частей. Первая часть содержит общие сведения о технике безопасности и правилах работы в химической лаборатории, основных приемах работы с химической посудой и реактивами, проведении основных химико-аналитических операций и метрологии анализа. Вторая часть представляет собой описание 50 работ лабораторного практикума по химическим методам анализа. Третья часть посвящена физико-химическим методам анализа. Изложены основы и техника выполнения 75 работ с применением приборов отечественного производства. Для студентов вузов, обучающихся по направлениям подготовки дипломированных специалистов химико-технологического профиля. Может быть использован студентами энергетических, сельскохозяйственных, медицинских, металлургических, педагогических и других вузов, а также сотрудниками заводских и экологических лабораторий.
Язык:русский
Опубликовано: Москва, Дрофа, 2006
Издание:3-е изд., стер.
Серии:Высшее образование
Предметы:
Формат: Книга
Запись в KOHA:https://koha.lib.tpu.ru/cgi-bin/koha/opac-detail.pl?biblionumber=114646

MARC

LEADER 00000nam0a2200000 4500
001 114646
005 20231101215215.0
010 |a 5358005781 
035 |a (RuTPU)RU\TPU\book\123986 
090 |a 114646 
100 |a 20070424d2006 m y0rusy50 ca 
101 0 |a rus 
102 |a RU 
105 |a a j 001zy 
200 1 |a Аналитическая химия  |e лабораторный практикум  |e учебное пособие для вузов  |f В. П. Васильев, Р. П. Морозова, Л. А. Кочергина 
205 |a 3-е изд., стер. 
210 |a Москва  |c Дрофа  |d 2006 
215 |a 414 с.  |c ил. 
225 1 |a Высшее образование 
320 |a Библиогр.: с. 398-404. 
330 |a Практикум состоит из трех частей. Первая часть содержит общие сведения о технике безопасности и правилах работы в химической лаборатории, основных приемах работы с химической посудой и реактивами, проведении основных химико-аналитических операций и метрологии анализа. Вторая часть представляет собой описание 50 работ лабораторного практикума по химическим методам анализа. Третья часть посвящена физико-химическим методам анализа. Изложены основы и техника выполнения 75 работ с применением приборов отечественного производства. Для студентов вузов, обучающихся по направлениям подготовки дипломированных специалистов химико-технологического профиля. Может быть использован студентами энергетических, сельскохозяйственных, медицинских, металлургических, педагогических и других вузов, а также сотрудниками заводских и экологических лабораторий. 
606 1 |a Аналитическая химия  |2 stltpush  |3 (RuTPU)RU\TPU\subj\67454  |9 83247 
610 1 |a учебные пособия 
610 1 |a лабораторные практикумы 
610 1 |a химические лаборатории 
610 1 |a техника безопасности 
610 1 |a химические реактивы 
610 1 |a химическая посуда 
610 1 |a пробы 
610 1 |a химический анализ 
610 1 |a погрешности 
610 1 |a титриметрический анализ 
610 1 |a электрогравиметрический анализ 
610 1 |a кислотно-основное титрование 
610 1 |a комплекснометрическое титрование 
610 1 |a окислительно-восстановительное титрование 
610 1 |a физико-химические методы 
610 1 |a фотометрический анализ 
610 1 |a турбидиметрический метод 
610 1 |a эмиссионный спектральный анализ 
610 1 |a атомно-абсорбционный анализ 
610 1 |a люминесцентный анализ 
610 1 |a кондуктометрический анализ 
675 |a 543(076.5)  |v 3 
700 1 |a Васильев  |b В. П.  |g Владимир Павлович 
701 1 |a Морозова  |b Р. П.  |g Регина Павловна 
701 1 |a Кочергина  |b Л. А.  |g Людмила Александровна 
801 1 |a RU  |b 63413507  |c 20070424  |g PSBO 
801 2 |a RU  |b 63413507  |c 20200626  |g PSBO 
900 |a Аналитическая химия 
900 |a Аналитическая и коллоидная химия 
900 |a Физико-химические методы анализа 
942 |c BK 
952 |a 550800  |b 240000 
959 |a 93/20081022  |d 3  |e 0  |f АНЛ:1  |f ЧЗТЛ:2